000 00821nam a2200265 i 4500
001 bg
100 1 _aOFIARSKI, Zbigniew
245 1 0 _aPrawo bankowe /
_cZbigniew Ofiarski.
260 _aKraków :
_b"Zakamycze",
_c2004.
300 _a345, [1] s. ;
_c24 cm.
490 1 _aSeria Akademicka
500 _aNa okł. podtyt.: podręcznik.
504 _aBibliogr. s. 327-337 i przy rozdz. Indeks.
650 9 _aBanki
_xprawo
_zPolska
_ystan na 2004 r.
655 _aPodręczniki akademickie
830 _aSeria Akademicka
020 _a8373333630
040 _cBPK
041 0 _apol
080 _a347.734(438)(075.8)
920 _a83-7333-363-0
942 _cKS
008 s pl f |000 0 pol
999 _c44040
_d44040
856 _uhttp://koha.tu.koszalin.pl/cgi-bin/koha/opac-detail.pl?biblionumber=44040
_yKatalog online BPK